| Tag |
First Indicator |
Second Indicator |
Subfields |
| LEADER |
00000pam a2200000 i 4500 |
| 001 |
in00000087841 |
| 005 |
20151008063029.0 |
| 008 |
780307s1979 vaua 00110 eng |
| 010 |
|
|
|a 78004821
|
| 020 |
|
|
|a 0879091525
|
| 035 |
|
|
|a (OCoLC)03748208
|
| 035 |
|
|
|9 AAK1435AM
|
| 040 |
|
|
|a DLC
|c DLC
|d TXA
|d UtOrBLW
|
| 049 |
|
|
|a TXAM
|c [A13321975]
|
| 050 |
0 |
0 |
|a TH435
|b .P44
|
| 082 |
0 |
|
|a 692/.5
|
| 100 |
1 |
|
|a Petri, Robert W.,
|d 1935-
|
| 245 |
1 |
0 |
|a Construction estimating /
|c Robert W. Petri.
|
| 264 |
|
1 |
|a Reston, Va :
|b Reston Pub. Co.,
|c [1979]
|
| 264 |
|
4 |
|c ©1979
|
| 300 |
|
|
|a xiii, 395 pages :
|b illustrations ;
|c 25 cm.
|
| 336 |
|
|
|a text
|b txt
|2 rdacontent
|
| 337 |
|
|
|a unmediated
|b n
|2 rdamedia
|
| 338 |
|
|
|a volume
|b nc
|2 rdacarrier
|
| 500 |
|
|
|a Includes index.
|
| 650 |
|
0 |
|a Building
|x Estimates.
|
| 999 |
|
|
|a MARS
|
| 999 |
f |
f |
|s b9b33804-6835-3ae3-b8ac-ad34b995e988
|i 6b540bd5-5a66-35a9-9dcd-3b4d944dcb72
|t 0
|
| 952 |
f |
f |
|p ric
|a Texas A&M University
|b Rellis Campus
|c Joint Library Facility
|d Remote Storage
|t 0
|e TH435 .P44
|h Library of Congress classification
|i unmediated -- volume
|m A14813321975
|
| 998 |
f |
f |
|a TH435 .P44
|t 0
|l Remote Storage
|